书目信息 |
| 题名: |
风景名胜区规划
|
|
| 作者: | 唐晓岚 主编 | |
| 分册: | ||
| 出版信息: | 南京 东南大学出版社 2012.10 |
|
| 页数: | 256页 | |
| 开本: | 29cm | |
| 丛书名: | 高等院校园林专业系列教材 | |
| 单 册: | ||
| 中图分类: | F590.1 | |
| 科图分类: | ||
| 主题词: | 风景区规划--高等学校--教材 | |
| 电子资源: | ||
| ISBN: | 978-7-5641-3780-9 | |
| 000 | 01473nam 2200289 45 | |
| 001 | 1355424468 | |
| 005 | 20130513104807.34 | |
| 010 | @a978-7-5641-3780-9@dCNY36.00 | |
| 100 | @a20130108d2012 em y0chiy0121 ea | |
| 101 | 0 | @achi |
| 102 | @aCN@b320000 | |
| 105 | @aak a 000yy | |
| 106 | @ar | |
| 200 | 1 | @a风景名胜区规划@AFeng Jing Ming Sheng Qu Gui Hua@dNational park of China & scenic area planning@f唐晓岚主编@FTang Xiao Lan Zhu Bian@zeng |
| 210 | @a南京@c东南大学出版社@d2012.10 | |
| 215 | @a256页@c图 (部分彩图)@d29cm | |
| 225 | 2 | @a高等院校园林专业系列教材 |
| 300 | @a江苏高校优势学科建设工程资助项目 | |
| 320 | @a有书目 (第237-240页) | |
| 330 | @a本教材是以风景资源学、旅游学、景观生态学、美学等为理论基础, 以国家质量技术监督局、中华人民共和国建设部发布的《风景名胜区规划规范》为依据, 借鉴国土、区域、城乡等相关规划的理论与方法, 并结合相关的实践与研究发展编写而成的。内容包括: 风景名胜区的基本概念、概述、理论基础、资源调查评价、总体规划编制、详细规划编制、专项规划 (保护培育规划、风景游赏规划、典型景观规划、游览设施规划、道路交通规划、基础工程规划、居民社会调控规划、经济发展引导规划、土地利用协调规划、分期发展规划) 编制、审批、实施及3S技术手段应用。 | |
| 461 | 0 | @12001 @a高等院校园林专业系列教材 |
| 510 | 1 | @aNational park of China and scenic area planning@zeng |
| 606 | 0 | @a风景区规划@x高等学校@j教材 |
| 690 | @aF590.1@v5 | |
| 701 | 0 | @a唐晓岚@ATang Xiao Lan@4主编 |
| 801 | @aCN@bTANGWEI@c20130112 | |
| 905 | @b0831252-54@dF590.1@e329@f3 | |
| 风景名胜区规划=National park of China & scenic area planning/唐晓岚主编.-南京:东南大学出版社,2012.10 |
| 256页:图 (部分彩图);29cm.-(高等院校园林专业系列教材) |
| 江苏高校优势学科建设工程资助项目 |
| ISBN 978-7-5641-3780-9:CNY36.00 |
| 本教材是以风景资源学、旅游学、景观生态学、美学等为理论基础, 以国家质量技术监督局、中华人民共和国建设部发布的《风景名胜区规划规范》为依据, 借鉴国土、区域、城乡等相关规划的理论与方法, 并结合相关的实践与研究发展编写而成的。内容包括: 风景名胜区的基本概念、概述、理论基础、资源调查评价、总体规划编制、详细规划编制、专项规划 (保护培育规划、风景游赏规划、典型景观规划、游览设施规划、道路交通规划、基础工程规划、居民社会调控规划、经济发展引导规划、土地利用协调规划、分期发展规划) 编制、审批、实施及3S技术手段应用。 |
| ● |
| 相关链接 |
|
|
|
|
正题名:风景名胜区规划
索取号:F590.1/329
 
预约/预借
| 序号 | 登录号 | 条形码 | 馆藏地/架位号 | 状态 | 备注 |
| 1 | 0831252 | 208312529 | 第一样本阅览室/ [索取号:F590.1/329] | 在馆 | |
| 2 | 0831253 | 208312538 | 密集书库-资源管理系/ [索取号:F590.1/329] | 在馆 | |
| 3 | 0831254 | 208312547 | 第一借阅区/ [索取号:F590.1/329] | 在馆 |